[Event "Ct. Catalunya juvenil"]
[Site "?"]
[Date "2011.04.20"]
[Round "1"]
[White "Montiel Baeza, A."]
[Black "Coll Ortega, J."]
[Result "0-1"]
[WhiteElo "1908"]
[BlackElo "2283"]
[PlyCount "86"]
[EventDate "2011.??.??"]
[EventType "swiss"]
[EventRounds "8"]

1. e4 c5 2. Nf3 e6 3. d4 cxd4 4. Nxd4 Nc6 5. Nc3 Qc7 6. f4 a6 7. Nxc6 Qxc6 8.
Bd3 b5 9. Qe2 Bb7 10. Bd2 Nf6 11. e5 b4 12. exf6 bxc3 13. Bxc3 g6 14. O-O Bc5+
15. Kh1 h5 16. Rae1 h4 17. h3 O-O-O 18. Be4 Qxe4 19. Qxe4 Bxe4 20. Rxe4 d5 21.
Ree1 d4 22. Ba5 Rd5 23. Re5 Rh5 24. Rfe1 Kd7 25. Rxh5 Rxh5 26. Bd2 Kd6 27. g4
hxg3 28. Kg2 Rf5 29. Kxg3 Kd5 30. Kg4 Bd6 31. c3 dxc3 32. bxc3 Rxf6 33. Rb1 e5
34. fxe5 Bxe5 35. Rb7 Rf2 36. Be3 f5+ 37. Kg5 Rg2+ 38. Kh6 f4 39. Ba7 Bxc3 40.
Rb6 a5 41. h4 f3 42. Rb1 Bd2+ 43. Kh7 Ke4 0-1

[Event "Ct. Catalunya juvenil"]
[Site "?"]
[Date "2011.04.20"]
[Round "1"]
[White "Moreno Martin, D."]
[Black "Bulto Gonzalvo, R."]
[Result "0-1"]
[WhiteElo "2171"]
[BlackElo "1873"]
[PlyCount "124"]
[EventDate "2011.??.??"]
[EventType "swiss"]
[EventRounds "8"]

1. e4 c5 2. Nf3 e6 3. d4 cxd4 4. Nxd4 Nc6 5. Nc3 Qc7 6. Be2 a6 7. O-O Nf6 8.
Kh1 Bb4 9. Bg5 Bxc3 10. Bxf6 gxf6 11. bxc3 b5 12. Qd2 Bb7 13. Rad1 Nxd4 14.
Qxd4 Ke7 15. Rd3 Bc6 16. f4 Rhg8 17. Qe3 Qa7 18. Rd4 e5 19. fxe5 fxe5 20. Qf3
Rg7 21. Qf6+ Kf8 22. Qd6+ Kg8 23. Qxe5 Qb6 24. Rd3 Qb8 25. Qf5 Qe8 26. Bf3 Qe7
27. e5 Rg5 28. Qh3 Qxe5 29. Bxc6 dxc6 30. Qf3 Qe6 31. Re3 Qg6 32. g3 Rf8 33.
Rf2 c5 34. Kg2 c4 35. h4 Rc5 36. Re4 h5 37. Rf4 Qc6 38. Qxc6 Rxc6 39. Rf5 Re8
40. Rxh5 Re3 41. Rhf5 Rxc3 42. Rxf7 Ra3 43. g4 Rxa2 44. Rb7 c3 45. h5 Rd6 46.
Kg3 Rd2 47. Rff7 Raxc2 48. h6 Rd3+ 49. Kh4 Rh2+ 50. Kg5 Rd5+ 51. Kf4 Rf2+ 52.
Ke4 Rxf7 53. Rb8+ Kh7 54. Kxd5 Rc7 55. Kd6 c2 56. Kxc7 c1=Q+ 57. Kb6 Qxh6+ 58.
Ka5 Qd6 59. Rb7+ Kg6 60. Ra7 Qa3+ 61. Kb6 Qe3+ 62. Kxa6 Qxa7+ 0-1

[Event "Ct. Catalunya juvenil"]
[Site "?"]
[Date "2011.04.20"]
[Round "1"]
[White "Muratet Carmona, J."]
[Black "Rojano Alfonso, C."]
[Result "0-1"]
[WhiteElo "1682"]
[BlackElo "2011"]
[PlyCount "134"]
[EventDate "2011.??.??"]
[EventType "swiss"]
[EventRounds "8"]

1. e4 e5 2. Nf3 Nc6 3. d4 exd4 4. Bc4 Nf6 5. Nxd4 Ne5 6. Bd3 d5 7. Nc3 Bb4 8.
Bg5 c5 9. Bb5+ Kf8 10. Nde2 a6 11. Bf4 Ng6 12. Bc4 Nxf4 13. Nxf4 Bg4 14. f3
dxc4 15. fxg4 Nxe4 16. Qxd8+ Rxd8 17. Nfe2 Re8 18. O-O Bxc3 19. Nxc3 Nxc3 20.
bxc3 Re2 21. Rf4 b5 22. Raf1 Re7 23. Rf5 Rc7 24. Rd5 g6 25. Rf6 Kg7 26. Rxa6
Rb8 27. Rdd6 Re7 28. Rab6 Ra8 29. Rxb5 Rxa2 30. Rd2 Re3 31. Rxc5 Rxc3 32. Rf2
Rcxc2 33. Rxc2 Rxc2 34. g5 h6 35. gxh6+ Kxh6 36. g4 c3 37. h3 Kg7 38. g5 Kf8
39. Rc7 Rc1+ 40. Kf2 c2 41. Ke2 Rh1 42. Rxc2 Rh2+ 43. Kd3 Rxh3+ 44. Ke4 Rh4+
45. Ke5 Rg4 46. Rf2 Kg7 47. Rf3 Rxg5+ 48. Ke4 Rg4+ 49. Ke3 f6 50. Rf1 g5 51.
Rd1 Rf4 52. Rd2 Kg6 53. Rd5 Kh5 54. Rd1 Kh4 55. Rg1 Kh3 56. Re1 f5 57. Rg1 Rg4
58. Rh1+ Kg2 59. Rc1 Re4+ 60. Kd3 g4 61. Rc5 Rf4 62. Rc2+ Rf2 63. Rc5 f4 64.
Ke4 g3 65. Rc1 f3 66. Ke3 Re2+ 67. Kd3 Re8 0-1

[Event "Ct. Catalunya juvenil"]
[Site "?"]
[Date "2011.04.20"]
[Round "1"]
[White "Muñoz Muñoz, R."]
[Black "Bals Hernandez, J."]
[Result "0-1"]
[WhiteElo "1768"]
[BlackElo "2061"]
[PlyCount "64"]
[EventDate "2011.??.??"]
[EventType "swiss"]
[EventRounds "8"]

1. e4 c5 2. Nc3 Nc6 3. g3 g6 4. Bg2 Bg7 5. d3 d6 6. Be3 Nd4 7. Qd2 e5 8. Nge2
Bg4 9. f4 Bf3 10. O-O Bxg2 11. Kxg2 Ne7 12. Rf2 Qd7 13. Raf1 h5 14. fxe5 Bxe5
15. Rxf7 Ndf5 16. exf5 Kxf7 17. d4 cxd4 18. Nxd4 Nxf5 19. Nxf5 gxf5 20. Qd5+
Kg6 21. Ne2 Qc6 22. Qxc6 bxc6 23. Bd4 Rab8 24. b3 h4 25. c4 hxg3 26. hxg3 Rbg8
27. Nf4+ Kf6 28. Rd1 Rg4 29. c5 Bxd4 30. Rxd4 d5 31. Rd3 Rhg8 32. Re3 Rxf4 0-1

[Event "Ct. Catalunya juvenil"]
[Site "?"]
[Date "2011.04.20"]
[Round "1"]
[White "Nieto Farreny, F."]
[Black "Vidal Zamora, C."]
[Result "1-0"]
[WhiteElo "2044"]
[BlackElo "1691"]
[PlyCount "87"]
[EventDate "2011.??.??"]
[EventType "swiss"]
[EventRounds "8"]

1. d4 Nf6 2. c4 d5 3. Nc3 g6 4. Bg5 c6 5. e3 Bg7 6. Nf3 O-O 7. Be2 Bf5 8. Bxf6
Bxf6 9. cxd5 cxd5 10. Qb3 e6 11. Qxb7 Qb6 12. Qxb6 axb6 13. Kd2 Nc6 14. Rhc1
Rfc8 15. h3 h5 16. Bb5 Na5 17. b3 Rc7 18. Na4 Rxc1 19. Rxc1 Rb8 20. Ne5 Be7 21.
g4 Bb4+ 22. Ke2 hxg4 23. hxg4 Ba3 24. Rg1 Bc2 25. Bd3 Bxd3+ 26. Nxd3 Rc8 27.
Kd2 Rc6 28. Ne5 Bb4+ 29. Kd3 Rc7 30. Nxb6 Rc3+ 31. Ke2 Rc2+ 32. Kf3 Rxa2 33.
Rc1 Nxb3 34. Rc8+ Kg7 35. Rc7 Nd2+ 36. Kg2 Ne4 37. Rxf7+ Kh6 38. Nbd7 Be1 39.
Nd3 Bd2 40. f4 g5 41. Kf3 Ra3 42. N7e5 Ra2 43. Re7 gxf4 44. Rxe6+ 1-0

[Event "Ct. Catalunya juvenil"]
[Site "?"]
[Date "2011.04.20"]
[Round "1"]
[White "Palomo Teruel, X."]
[Black "Ventura Bolet, A."]
[Result "1-0"]
[WhiteElo "2052"]
[BlackElo "1740"]
[PlyCount "82"]
[EventDate "2011.??.??"]
[EventType "swiss"]
[EventRounds "8"]

1. d4 Nf6 2. c4 c5 3. d5 b5 4. f3 d6 5. cxb5 a6 6. e4 Nbd7 7. a4 g6 8. Na3 Bg7
9. Ne2 O-O 10. Nc3 Ne5 11. Be2 h6 12. Be3 Kh7 13. O-O g5 14. Qc2 Nh5 15. Rfb1
f5 16. bxa6 Nf4 17. Bxf4 gxf4 18. b4 cxb4 19. Rxb4 fxe4 20. Nxe4 Bf5 21. Rab1
Qe8 22. Nb5 Qg6 23. Nc7 Rfc8 24. Kh1 Bxe4 25. fxe4 Nd7 26. Rc4 Nc5 27. Nxa8
Rxa8 28. Rxc5 dxc5 29. Bd3 Be5 30. Qxc5 Rg8 31. Qf2 Bd4 32. Qf3 Qg5 33. Bb5 Qh4
34. Rf1 Be3 35. Bd7 Qf6 36. a7 Qa6 37. Bf5+ Kh8 38. Rd1 Qxa4 39. Qh5 Qa6 40.
Be6 f3 41. Qxf3 Bxa7 1-0

[Event "Ct. Catalunya juvenil"]
[Site "?"]
[Date "2011.04.20"]
[Round "1"]
[White "Panella Navarro, S."]
[Black "Martin Perez, L."]
[Result "1/2-1/2"]
[WhiteElo "2088"]
[BlackElo "1856"]
[PlyCount "57"]
[EventDate "2011.??.??"]
[EventType "swiss"]
[EventRounds "8"]

1. e4 c5 2. Nf3 Nc6 3. c3 d5 4. exd5 Qxd5 5. d4 Nf6 6. Be3 cxd4 7. cxd4 Bg4 8.
Be2 e6 9. Nc3 Qd8 10. O-O Be7 11. h3 Bh5 12. Qb3 Qb6 13. Qxb6 axb6 14. g4 Bg6
15. d5 Nxd5 16. Nxd5 exd5 17. Rfd1 Bf6 18. Rd2 O-O 19. g5 d4 20. Bf4 Be7 21.
Nxd4 Rfd8 22. Rad1 Nb4 23. h4 Nxa2 24. Bf3 Bb4 25. Re2 Bc5 26. Red2 Bb4 27. Re2
Bc5 28. Red2 Bb4 29. Re2 1/2-1/2

[Event "Ct. Catalunya juvenil"]
[Site "?"]
[Date "2011.04.20"]
[Round "1"]
[White "Pruja Ramirez de Cartagena, M."]
[Black "Arno Bendicho, A."]
[Result "1-0"]
[WhiteElo "2248"]
[BlackElo "1908"]
[PlyCount "55"]
[EventDate "2011.??.??"]
[EventType "swiss"]
[EventRounds "8"]

1. e4 c5 2. Ne2 Nc6 3. Nbc3 g6 4. d4 cxd4 5. Nxd4 Bg7 6. Nde2 Nf6 7. g3 O-O 8.
Bg2 d6 9. O-O Bd7 10. Nd5 Re8 11. h3 Rc8 12. a4 Nxd5 13. exd5 Ne5 14. Ra2 Nc4
15. b3 Na5 16. Be3 Qc7 17. c4 b6 18. Bd4 Bxd4 19. Nxd4 a6 20. Re1 e5 21. dxe6
Bxe6 22. Rae2 Qd7 23. Nxe6 fxe6 24. Rxe6 Rxe6 25. Rxe6 Rd8 26. Bd5 Kh8 27. Qd4+
Qg7 28. Qxb6 1-0

[Event "Ct. Catalunya juvenil"]
[Site "?"]
[Date "2011.04.20"]
[Round "1"]
[White "Rodriguez Adell, A."]
[Black "Cervello Tost, R."]
[Result "1-0"]
[WhiteElo "2006"]
[BlackElo "1661"]
[PlyCount "65"]
[EventDate "2011.??.??"]
[EventType "swiss"]
[EventRounds "8"]

1. d4 d5 2. c4 c6 3. Nf3 Nf6 4. Nc3 e6 5. e3 Nbd7 6. Bd3 Be7 7. O-O O-O 8. Qc2
b6 9. e4 dxe4 10. Nxe4 Bb7 11. Bf4 Nxe4 12. Bxe4 Nf6 13. Bd3 h6 14. Rad1 Kh8
15. Qe2 c5 16. dxc5 Bxc5 17. Bb1 Qe7 18. Be5 g6 19. b4 Bxb4 20. Qb2 Kg7 21.
Bxf6+ Qxf6 22. Qxb4 Bxf3 23. gxf3 Qxf3 24. Rd3 Qf4 25. Rg3 Rac8 26. Qe7 g5 27.
Bd3 Rc7 28. Qb4 h5 29. Be2 f5 30. Qc3+ Kg6 31. Rd1 b5 32. Re3 Re8 33. Rd4 1-0

[Event "Ct. Catalunya juvenil"]
[Site "?"]
[Date "2011.04.20"]
[Round "1"]
[White "Sanchez Urpi, O."]
[Black "Terrones Launes, X."]
[Result "1-0"]
[WhiteElo "1962"]
[BlackElo "1557"]
[PlyCount "41"]
[EventDate "2011.??.??"]
[EventType "swiss"]
[EventRounds "8"]

1. e4 e5 2. Bc4 Nf6 3. d3 Bc5 4. f4 d6 5. Nf3 Nc6 6. Nc3 a6 7. f5 Na5 8. Bg5 c6
9. Qe2 b5 10. Bb3 Nxb3 11. axb3 O-O 12. O-O-O a5 13. d4 exd4 14. Nxd4 Bb7 15.
e5 dxe5 16. Ne6 Qe7 17. Nxf8 Kxf8 18. Ne4 a4 19. Nxf6 gxf6 20. Bh6+ Ke8 21. Qg4
1-0

[Event "Ct. Catalunya juvenil"]
[Site "?"]
[Date "2011.04.20"]
[Round "1"]
[White "Vicente Bessen, K."]
[Black "Triadu Cassa, J."]
[Result "0-1"]
[WhiteElo "1690"]
[BlackElo "2042"]
[PlyCount "74"]
[EventDate "2011.??.??"]
[EventType "swiss"]
[EventRounds "8"]

1. d4 d5 2. Nf3 Nf6 3. c4 c6 4. Nc3 dxc4 5. e3 b5 6. Bd2 Nbd7 7. a4 b4 8. Ne2
e6 9. Qc2 a5 10. Qxc4 Bb7 11. Ng3 Be7 12. Qc2 Rc8 13. Be2 O-O 14. O-O c5 15.
dxc5 Nxc5 16. Qd1 Qd5 17. Bc1 Nb3 18. Qxd5 Bxd5 19. Rb1 Bc6 20. Bc4 Bxa4 21.
Bxb3 Bxb3 22. Ra1 Ra8 23. Nd4 Bd5 24. Bd2 a4 25. Rfc1 a3 26. bxa3 bxa3 27. Nc2
Ne4 28. Nxe4 Bxe4 29. Bb4 Bxb4 30. Nxb4 Rfb8 31. Rc4 Bd5 32. Nxd5 exd5 33. Rc2
a2 34. Rcc1 Rb2 35. g3 Rab8 36. Kg2 Rb1 37. h4 g6 0-1

[Event "Ct. Catalunya juvenil"]
[Site "?"]
[Date "2011.04.20"]
[Round "1"]
[White "Vives Jaume, O."]
[Black "Vidal Zamora, A."]
[Result "1/2-1/2"]
[WhiteElo "1867"]
[BlackElo "2128"]
[PlyCount "106"]
[EventDate "2011.??.??"]
[EventType "swiss"]
[EventRounds "8"]

1. d4 Nf6 2. c4 g6 3. Nc3 Bg7 4. Nf3 O-O 5. g3 d5 6. Qb3 dxc4 7. Qxc4 Nbd7 8.
Bf4 c6 9. e4 Nb6 10. Qd3 Be6 11. Bg2 Nh5 12. Be3 f5 13. b3 fxe4 14. Nxe4 Nf6
15. Nc5 Bf5 16. Qe2 Qc8 17. h3 Nbd5 18. Nh4 b6 19. Nxf5 Qxf5 20. g4 Qc8 21. Nd3
Qe6 22. Rc1 Rac8 23. Bg5 Qd6 24. O-O h6 25. Bh4 Nd7 26. Bg3 Qf6 27. Ne5 Qe6 28.
Qe4 Bxe5 29. Bxe5 Nxe5 30. dxe5 Kg7 31. Rfd1 Qf7 32. Qd4 e6 33. Bxd5 cxd5 34.
Qe3 Qd7 35. Rxc8 Rxc8 36. Rc1 Rxc1+ 37. Qxc1 d4 38. f4 Qd5 39. Kf2 Qe4 40. Qd2
d3 41. Kg3 Qd4 42. Kf3 Kf7 43. b4 b5 44. a3 Ke8 45. Kg3 Qg1+ 46. Kf3 Qh1+ 47.
Kg3 Qg1+ 48. Kf3 Qf1+ 49. Kg3 Qg1+ 50. Kf3 Qd4 51. Kg3 Qd5 52. Kf2 Qd4+ 53. Kf3
Qg1 1/2-1/2

[Event "Ct. Catalunya juvenil"]
[Site "?"]
[Date "2011.04.21"]
[Round "2"]
[White "Arno Bendicho, A."]
[Black "Vicente Bessen, K."]
[Result "1/2-1/2"]
[WhiteElo "1908"]
[BlackElo "1690"]
[PlyCount "60"]
[EventDate "2011.??.??"]
[EventType "swiss"]
[EventRounds "8"]

1. d4 d5 2. Nf3 Nf6 3. Bg5 Ne4 4. Bf4 Bf5 5. e3 e6 6. c3 Bd6 7. Bxd6 Qxd6 8.
Nbd2 Nd7 9. Be2 O-O 10. O-O c5 11. Nxe4 Bxe4 12. Ng5 Bf5 13. Bd3 Bxd3 14. Qxd3
Nf6 15. Nf3 cxd4 16. exd4 Rac8 17. Ne5 Nd7 18. f4 Nxe5 19. fxe5 Qb6 20. Qd2 Qd8
21. Rae1 f6 22. exf6 Rxf6 23. Rxf6 Qxf6 24. Rf1 Qe7 25. Qe3 a6 26. Qf4 Qc7 27.
Rf3 Qe7 28. Kf2 b5 29. a3 Re8 30. g3 Rc8 1/2-1/2

[Event "Ct. Catalunya juvenil"]
[Site "?"]
[Date "2011.04.21"]
[Round "2"]
[White "Arno Bendicho, X."]
[Black "Muñoz Muñoz, R."]
[Result "1/2-1/2"]
[WhiteElo "1630"]
[BlackElo "1768"]
[PlyCount "89"]
[EventDate "2011.??.??"]
[EventType "swiss"]
[EventRounds "8"]

1. c4 Nf6 2. Nc3 g6 3. g3 d5 4. cxd5 Nxd5 5. Qa4+ c6 6. Bg2 Be6 7. Qd4 f6 8. e4
Qb6 9. Nge2 Qxd4 10. Nxd4 Nc7 11. Nxe6 Nxe6 12. Ne2 Bg7 13. O-O Nd7 14. Rd1 Ng5
15. d4 Nf7 16. Nf4 O-O-O 17. Ne6 Rdg8 18. Nxg7 Rxg7 19. b3 Re8 20. Bb2 Kb8 21.
Bh3 Nb6 22. f4 g5 23. Kf2 gxf4 24. gxf4 Reg8 25. Rg1 Nd6 26. Rxg7 Rxg7 27. Re1
Nb5 28. Re3 a5 29. a4 Nc7 30. Rg3 Rxg3 31. hxg3 Nc8 32. Ba3 Nd6 33. Ke3 b5 34.
Kd3 b4 35. Bb2 Nf7 36. Bf5 h6 37. Bg6 Nd8 38. Bh5 Nde6 39. Bg4 Ng7 40. Bc1 e6
41. Bf3 h5 42. Bb2 f5 43. Bc1 Kb7 44. Be3 Nd5 45. exd5 1/2-1/2

[Event "Ct. Catalunya juvenil"]
[Site "?"]
[Date "2011.04.21"]
[Round "2"]
[White "Bals Hernandez, J."]
[Black "Sanchez Urpi, O."]
[Result "1-0"]
[WhiteElo "2061"]
[BlackElo "1962"]
[PlyCount "89"]
[EventDate "2011.??.??"]
[EventType "swiss"]
[EventRounds "8"]

1. d4 Nf6 2. Bg5 Ne4 3. Bf4 g5 4. Bc1 h6 5. f3 Nf6 6. e4 d6 7. Nc3 Bg7 8. Be3
Nc6 9. Nge2 e5 10. d5 Ne7 11. Qd2 Nh5 12. g4 Nf4 13. h4 Nxe2 14. Bxe2 gxh4 15.
Bb5+ Kf8 16. O-O-O Ng6 17. Rdg1 Qf6 18. g5 hxg5 19. Bxg5 Qxf3 20. Be2 Qf2 21.
Be3 Qxe3 22. Qxe3 Bh6 23. Rg5 f6 24. Kb1 Bxg5 25. Qg1 Nf4 26. Bg4 Bxg4 27. Qxg4
Ke7 28. Nd1 h3 29. Ne3 Rag8 30. Nf5+ Kd8 31. Qg1 b6 32. Qf1 h2 33. Qf2 Ng2 34.
Qxg2 Bf4 35. Qf2 Rg1+ 36. Rxg1 h1=Q 37. Qe1 Qf3 38. a3 Rh2 39. Rg8+ Kd7 40. Qb4
Qe2 41. Ka2 b5 42. Rg7+ Kd8 43. Nxd6 Qxc2 44. Nxb5 Ke8 45. Qe7# 1-0

[Event "Ct. Catalunya juvenil"]
[Site "?"]
[Date "2011.04.21"]
[Round "2"]
[White "Boldu Soto, R."]
[Black "Palomo Teruel, X."]
[Result "1/2-1/2"]
[WhiteElo "1961"]
[BlackElo "2052"]
[PlyCount "63"]
[EventDate "2011.??.??"]
[EventType "swiss"]
[EventRounds "8"]

1. Nf3 c5 2. e4 g6 3. d3 Bg7 4. c3 Nc6 5. Nbd2 e5 6. g3 Nge7 7. Bg2 O-O 8. Qc2
Rb8 9. O-O d5 10. b3 b5 11. Bb2 f6 12. h3 Be6 13. Rfd1 Qd7 14. Kh2 Rfc8 15. a3
Qe8 16. exd5 Bxd5 17. c4 Nd4 18. Nxd4 cxd4 19. Bxd5+ Nxd5 20. Re1 Qd7 21. Rad1
b4 22. a4 Nc3 23. Ra1 f5 24. f3 Qd6 25. Nf1 Bh6 26. Qg2 Kh8 27. Kg1 Rc7 28. Bc1
Bxc1 29. Raxc1 Re8 30. Nd2 Rce7 31. g4 Qc6 32. g5 1/2-1/2

[Event "Ct. Catalunya juvenil"]
[Site "?"]
[Date "2011.04.21"]
[Round "2"]
[White "Bulto Gonzalvo, R."]
[Black "Nieto Farreny, F."]
[Result "1-0"]
[WhiteElo "1873"]
[BlackElo "2044"]
[PlyCount "87"]
[EventDate "2011.??.??"]
[EventType "swiss"]
[EventRounds "8"]

1. e4 c5 2. Nf3 Nc6 3. Bb5 e6 4. O-O Nge7 5. b3 a6 6. Bxc6 Nxc6 7. Bb2 f6 8.
Nh4 g6 9. f4 Qe7 10. f5 gxf5 11. exf5 e5 12. c4 Qf7 13. Nc3 Ne7 14. Ne4 Nc6 15.
Qh5 Be7 16. Ng6 d6 17. Qh4 Rg8 18. Nxe7 Kxe7 19. Nc3 Qg7 20. Nd5+ Kf7 21. Qh5+
Kf8 22. Qh3 Bd7 23. Rf3 Qh8 24. Qh6+ Kf7 25. Raf1 Rg5 26. d3 Rag8 27. R1f2 Qg7
28. Rh3 Ne7 29. Qxg7+ R5xg7 30. Ne3 Bc6 31. Rh6 d5 32. h3 dxc4 33. dxc4 Rd8 34.
Ba3 b6 35. Bb2 Rd3 36. Ng4 Ng8 37. Nxe5+ fxe5 38. Rxc6 Rd1+ 39. Kh2 Re1 40. f6
Rg5 41. Rc7+ Kf8 42. f7 Ne7 43. Rxe7 Rg6 44. Rc7 1-0

[Event "Ct. Catalunya juvenil"]
[Site "?"]
[Date "2011.04.21"]
[Round "2"]
[White "Cervello Tost, R."]
[Black "Alquezar Calpena, M."]
[Result "1-0"]
[WhiteElo "1661"]
[BlackElo "1800"]
[PlyCount "57"]
[EventDate "2011.??.??"]
[EventType "swiss"]
[EventRounds "8"]

1. e4 e6 2. d4 d5 3. exd5 exd5 4. Nf3 Bd6 5. Bd3 Ne7 6. O-O Bf5 7. Bxf5 Nxf5 8.
Qd3 Ne7 9. Qb5+ Nbc6 10. Qxb7 Nb4 11. Qb5+ c6 12. Qe2 O-O 13. c3 Qb6 14. cxb4
Bxb4 15. a3 Bd6 16. Be3 Rfe8 17. Qc2 g6 18. Nc3 Nf5 19. Rfe1 Rab8 20. Rab1 Re7
21. Na4 Qc7 22. Nc5 Rbe8 23. Bd2 Rxe1+ 24. Rxe1 Rxe1+ 25. Bxe1 Qe7 26. Bb4 a5
27. Bxa5 Nxd4 28. Nxd4 Bxc5 29. Nxc6 1-0

[Event "Ct. Catalunya juvenil"]
[Site "?"]
[Date "2011.04.21"]
[Round "2"]
[White "Coll Ortega, J."]
[Black "Triadu Cassa, J."]
[Result "1/2-1/2"]
[WhiteElo "2283"]
[BlackElo "2042"]
[PlyCount "130"]
[EventDate "2011.??.??"]
[EventType "swiss"]
[EventRounds "8"]

1. e4 e5 2. Nf3 Nc6 3. Bc4 Nf6 4. d3 Be7 5. O-O O-O 6. Re1 d6 7. a4 Na5 8. Ba2
c5 9. Nc3 a6 10. Bg5 Bd7 11. Bxf6 Bxf6 12. Bd5 Rb8 13. Qd2 Nc6 14. Nd1 Bg4 15.
Re3 Bg5 16. Nxg5 Qxg5 17. Bxc6 bxc6 18. Qc3 Bxd1 19. Rxd1 Rb4 20. b3 f5 21.
exf5 Qxf5 22. Rf3 Qc8 23. Rxf8+ Qxf8 24. Re1 Qf5 25. Re3 Rf4 26. Qe1 h6 27. g3
Rb4 28. Kg2 Qe6 29. Qe2 Rb8 30. Re4 Qd5 31. Qg4 Qf7 32. f4 exf4 33. Rxf4 Qd5+
34. Qf3 Re8 35. Qxd5+ cxd5 36. Kf2 d4 37. b4 Rc8 38. Kf3 cxb4 39. Rxd4 Rxc2 40.
Rxb4 Rxh2 41. Rb6 a5 42. Rxd6 Ra2 43. Rd4 Kf7 44. Rc4 Ra3 45. Ke4 Ke6 46. g4 g6
47. Rc6+ Kd7 48. Rxg6 Rxa4+ 49. d4 Ra1 50. Rxh6 Rg1 51. Kf5 Rd1 52. Ke5 Rg1 53.
Kf5 Rd1 54. Ra6 Rxd4 55. Rxa5 Ke7 56. g5 Kf7 57. Ra7+ Kg8 58. Kg6 Rd6+ 59. Kh5
Rd8 60. Kh6 Rd6+ 61. g6 Rd8 62. Rg7+ Kh8 63. Re7 Kg8 64. Re6 Ra8 65. Rb6 Rc8
1/2-1/2

[Event "Ct. Catalunya juvenil"]
[Site "?"]
[Date "2011.04.21"]
[Round "2"]
[White "Fernandez Aguilar, F."]
[Black "Vives Jaume, O."]
[Result "1/2-1/2"]
[WhiteElo "1924"]
[BlackElo "1867"]
[PlyCount "67"]
[EventDate "2011.??.??"]
[EventType "swiss"]
[EventRounds "8"]

1. e4 c5 2. Nf3 d6 3. d4 cxd4 4. Nxd4 Nf6 5. Nc3 a6 6. Bg5 e6 7. f4 Be7 8. Qf3
Qc7 9. O-O-O Nbd7 10. g4 b5 11. Bxf6 Nxf6 12. g5 Nd7 13. f5 Nc5 14. f6 gxf6 15.
gxf6 Bf8 16. Rg1 h5 17. Rg7 b4 18. Nce2 Bb7 19. Bh3 Bxg7 20. fxg7 Rg8 21. Rg1
O-O-O 22. Nf4 Kb8 23. Nxh5 Bxe4 24. Qe2 e5 25. Nf5 b3 26. axb3 Nxb3+ 27. Kd1
Bxf5 28. Bxf5 Nd4 29. Qd3 Nxf5 30. Qxf5 f6 31. Rg3 Qc5 32. Qxf6 Qd4+ 33. Kc1
Ka8 34. Qf1 1/2-1/2

[Event "Ct. Catalunya juvenil"]
[Site "?"]
[Date "2011.04.21"]
[Round "2"]
[White "Fernandez Diaz, C."]
[Black "Campos Cayuelas, A."]
[Result "1-0"]
[WhiteElo "2052"]
[BlackElo "1906"]
[PlyCount "85"]
[EventDate "2011.??.??"]
[EventType "swiss"]
[EventRounds "8"]

1. d4 d5 2. c4 e6 3. Nf3 Nf6 4. Nc3 Be7 5. Bg5 c6 6. e3 Nbd7 7. Bd3 dxc4 8.
Bxc4 b5 9. Bd3 a6 10. O-O O-O 11. e4 c5 12. d5 Nxd5 13. exd5 Bxg5 14. dxe6 fxe6
15. Qe2 Nb6 16. Qe4 g6 17. h4 Bh6 18. h5 Rf4 19. Qe2 Qf6 20. Be4 Ra7 21. hxg6
e5 22. g3 Rg7 23. gxf4 Bxf4 24. Nh2 Bxh2+ 25. Kxh2 Qh4+ 26. Kg1 Bb7 27. Bxb7
Rxg6+ 28. Bg2 Nc4 29. f3 Rh6 30. Rfd1 Qh2+ 31. Kf1 Rg6 32. Rd3 h5 33. Rad1 h4
34. Rd8+ Kg7 35. R1d7+ Kf6 36. Rd6+ Nxd6 37. Rxd6+ Kf7 38. Rxg6 Kxg6 39. Qe4+
Kf6 40. Nd5+ Ke6 41. Ne3 Kd7 42. Qf5+ Kc6 43. Qe6+ 1-0

[Event "Ct. Catalunya juvenil"]
[Site "?"]
[Date "2011.04.21"]
[Round "2"]
[White "Fernandez Soriano, R."]
[Black "Rodriguez Adell, A."]
[Result "1/2-1/2"]
[WhiteElo "2080"]
[BlackElo "2006"]
[PlyCount "97"]
[EventDate "2011.??.??"]
[EventType "swiss"]
[EventRounds "8"]

1. d4 d5 2. Nf3 Nf6 3. e3 e6 4. Bd3 c5 5. b3 Bd6 6. Bb2 Nc6 7. Nbd2 Qc7 8. a3
e5 9. dxc5 Bxc5 10. Bb5 Bd6 11. h3 O-O 12. O-O Qe7 13. Qe2 e4 14. Ne1 a6 15.
Bxc6 bxc6 16. c4 a5 17. Nc2 Rb8 18. Nd4 Bd7 19. cxd5 Nxd5 20. Nc2 Rfe8 21. f4
exf3 22. Rxf3 Be5 23. Bxe5 Qxe5 24. Raf1 Re7 25. Nc4 Qc7 26. Qd3 Qb7 27. Nxa5
Qb6 28. b4 Rbe8 29. Nc4 Qa6 30. Rxf7 Rxf7 31. Rxf7 Be6 32. Rf3 Nxb4 33. Nxb4
Qxc4 34. Qxc4 Bxc4 35. Rf4 Bb5 36. Kf2 Ra8 37. Nc2 g6 38. Rb4 Bd3 39. Rb2 c5
40. Ke1 Kf7 41. Kd2 Bf1 42. Rb7+ Kf6 43. Rxh7 Bxg2 44. h4 Be4 45. Rc7 Bxc2 46.
Kxc2 Rxa3 47. Kd2 Ra4 48. Rxc5 Rxh4 49. Ke2 1/2-1/2

[Event "Ct. Catalunya juvenil"]
[Site "?"]
[Date "2011.04.21"]
[Round "2"]
[White "Gotes Perez, J."]
[Black "Panella Navarro, S."]
[Result "1/2-1/2"]
[WhiteElo "1790"]
[BlackElo "2088"]
[PlyCount "89"]
[EventDate "2011.??.??"]
[EventType "swiss"]
[EventRounds "8"]

1. e4 e5 2. Nc3 Nf6 3. g3 d5 4. exd5 Nxd5 5. Bg2 Be6 6. Nf3 Nc6 7. O-O Qd7 8.
Re1 f6 9. Nxd5 Bxd5 10. d4 O-O-O 11. dxe5 Qf7 12. exf6 gxf6 13. Qd3 Bc5 14.
Qf5+ Kb8 15. a3 h5 16. Be3 Ne7 17. Qf4 Bxe3 18. Qxe3 Ng6 19. h4 Rhe8 20. Qc3
Rg8 21. Rad1 Bc6 22. Qb4 Ka8 23. Kh2 Rd7 24. Rxd7 Qxd7 25. Re3 a6 26. Rd3 Qc8
27. Rc3 Qd7 28. Bh3 Qd1 29. Bg2 Qd7 30. Qc5 Rh8 31. Rd3 Qe8 32. Qf5 Be4 33.
Qxf6 Bxd3 34. cxd3 Rf8 35. Qc3 Qd7 36. d4 Rd8 37. Qc4 Kb8 38. Qd3 Ne7 39. Qe4
Nd5 40. Qg6 Qe8 41. Qf5 Ne7 42. Qe4 c6 43. Ne5 Nd5 44. Qf5 Nc7 45. Nf3 1/2-1/2

[Event "Ct. Catalunya juvenil"]
[Site "?"]
[Date "2011.04.21"]
[Round "2"]
[White "Martin Perez, L."]
[Black "Colon Garcia, E."]
[Result "0-1"]
[WhiteElo "1856"]
[BlackElo "2288"]
[PlyCount "64"]
[EventDate "2011.??.??"]
[EventType "swiss"]
[EventRounds "8"]

1. e4 c5 2. Nc3 a6 3. a4 Nc6 4. Nge2 g6 5. d4 cxd4 6. Nxd4 Bg7 7. Nde2 Nf6 8.
g3 O-O 9. Bg2 Rb8 10. O-O b5 11. axb5 axb5 12. Nd5 d6 13. c3 b4 14. Bg5 Nxd5
15. exd5 Ne5 16. Ra7 Bd7 17. Nd4 h6 18. Bf4 bxc3 19. bxc3 Qb6 20. Qa1 Rb7 21.
Rxb7 Qxb7 22. Qb1 Qc7 23. Qe4 Rb8 24. Rc1 Rb2 25. Bxe5 dxe5 26. Nc6 e6 27. c4
f5 28. Qe3 e4 29. Nd4 exd5 30. cxd5 Qd6 31. Qc3 Qb6 32. Qc7 Qxd4 0-1

[Event "Ct. Catalunya juvenil"]
[Site "?"]
[Date "2011.04.21"]
[Round "2"]
[White "Martinez Ramirez, E."]
[Black "Bardera Gil, S."]
[Result "1-0"]
[WhiteElo "2173"]
[BlackElo "2025"]
[PlyCount "43"]
[EventDate "2011.??.??"]
[EventType "swiss"]
[EventRounds "8"]

1. e4 c5 2. Nf3 a6 3. c3 b5 4. d4 Bb7 5. Bd3 e6 6. O-O Nf6 7. Qe2 Be7 8. Re1
O-O 9. e5 Nd5 10. dxc5 Bxc5 11. Bxh7+ Kh8 12. Bc2 Be7 13. a4 Nc7 14. axb5 axb5
15. Rxa8 Bxa8 16. Nd4 g6 17. Qe3 Ne8 18. Qh6+ Kg8 19. Bf4 Ng7 20. Re3 Qe8 21.
Rh3 f5 22. exf6 1-0